Bungo Stay Dogs Characters - Statistics

General Stats
  • This quiz has been taken 578 times
  • The average score is 34 of 60
Answer Stats
Hint Answer % Correct
Armed Detective Agency Osamu Dazai
99%
Armed Detective Agency Atsushi Nakajima
95%
Armed Detective Agency Ranpo Edogawa
94%
Armed Detective Agency Doppo Kunikida
90%
Port Mafia Chūya Nakahara
89%
Rats in the House of the Dead Fyodor Dostoevsky
89%
Decay of the Angel Fyodor Dostoevsky
89%
Port Mafia Ōgai Mori
89%
Port Mafia Gin Akutagawa
88%
Armed Detective Agency Akiko Yosano
87%
Port Mafia Ryūnosuke Akutagawa
87%
Armed Detective Agency Yukichi Fukuzawa
87%
Armed Detective Agency Naomi Tanizaki
85%
Armed Detective Agency Jun'ichirō Tanizaki
84%
Decay of the Angel Nikolai Gogol
84%
Decay of the Angel Sigma
83%
Armed Detective Agency Kyōka Izumi
82%
Armed Detective Agency Kenji Miyazawa
81%
The Guild Francis Scott Key Fitzgerald
73%
The Guild Edgar Allan Poe
71%
Port Mafia Michizō Tachihara
68%
Hunting Dogs Special Unit Michizō Tachihara
67%
Hunting Dogs Special Unit Ōchi Fukuchi
64%
Port Mafia Kōyō Ozaki
63%
The Guild Lucy Maud Montgomery
63%
Decay of the Angel Bram Stoker
60%
Port Mafia Ichiyō Higuchi
59%
Hunting Dogs Special Unit Saigiku Jōno
59%
Port Mafia Elise
56%
The Guild Howard Phillips Lovecraft
52%
Port Mafia Sakunosuke Oda
51%
The Guild Ango Sakaguchi
50%
Hunting Dogs Special Unit Teruko Ōkura
50%
The Guild Louisa May Alcott
49%
The Guild Mark Twain
49%
Hunting Dogs Special Unit Tetchō Suehiro
48%
The Guild Nathaniel Hawthorne
47%
Rats in the House of the Dead Nathaniel Hawthorne
47%
Port Mafia Ryūrō Hirotsu
47%
The Guild John Steinbeck
45%
Order of the Clock Tower Agatha Christie
44%
The Guild Margaret Mitchell
43%
Port Mafia Paul Verlaine
40%
Port Mafia Ace
39%
Rats in the House of the Dead Ivan Goncharov
38%
Port Mafia Kyūsaku Yumeno
38%
Armed Detective Agency Kirako Haruno
37%
Armed Detective Agency Katai Tayama
34%
Port Mafia Arthur Rimbaud
33%
The Guild Herman Melville
32%
Rats in the House of the Dead Alexander Pushkin
31%
Decay of the Angel Kamui
29%
Port Mafia Motojirō Kajii
29%
Rats in the House of the Dead Mushitarō Oguri
26%
Port Mafia Karma
25%
The Guild James L.
13%
The Guild Mizuki Tsujimura
12%
The Guild Santōka Taneda
11%
The Guild Takuichi Aoki
4%
The Guild Yachiyo Murakoso
4%
No matching quizzes found
Score Distribution
Percent of People with Each Score
Percentile by Number Answered
Your Score History
You have not taken this quiz